Essential sociology : (Record no. 147995)
[ view plain ]
| 000 -LEADER | |
|---|---|
| fixed length control field | 00644nam a22002057a 4500 |
| 005 - DATE AND TIME OF LATEST TRANSACTION | |
| control field | 20171214143739.0 |
| 010 ## - LCCN (DPL NO) | |
| LC control number | ENG-121891 |
| 020 ## - INTERNATIONAL STANDARD BOOK NUMBER | |
| International Standard Book Number | 9788131251430 |
| Terms of availability | 550.00 |
| 035 ## - SYSTEM CONTROL NUMBER | |
| System control number | EN-105423 |
| 037 ## - SOURCE OF ACQUISITION | |
| Source of stock number/acquisition | DBAD/PUB |
| 082 ## - DEWEY DECIMAL CLASSIFICATION NUMBER | |
| Classification number | 301 |
| 100 ## - MAIN ENTRY--PERSONAL NAME | |
| Personal name | Seema |
| 245 ## - TITLE STATEMENT | |
| Title | Essential sociology : |
| Remainder of title | for civil services main examination / |
| Statement of responsibility, etc | by Seema [and] Nitin Sangwan |
| 260 ## - PUBLICATION, DISTRIBUTION, ETC. (IMPRINT) | |
| Place of publication, distribution, etc | GURGAON |
| Name of publisher, distributor, etc | Lexis Nexis |
| Date of publication, distribution, etc | 2017 |
| 270 ## - ADDRESS | |
| Address | 14th Floor, Building No10, Tower-B, DLF Cyber City, Phase-2 |
| City | GURGAON |
| Postal code | 122002 |
| 300 ## - PHYSICAL DESCRIPTION | |
| Extent | xxiii,534p. |
| Dimensions | 24cm(pbk) |
| 500 ## - GENERAL NOTE | |
| General note | Includes index |
| 700 ## - ADDED ENTRY--PERSONAL NAME | |
| Personal name | Sangwan,Nitin |
| 942 ## - ADDED ENTRY ELEMENTS (KOHA) | |
| Source of classification or shelving scheme | Dewey Decimal Classification |
| Item type | English Books |
| Classification part | 301 |
| Call number suffix | SEE |
| Withdrawn status | Lost status | Not for loan | Collection code | Home library | Current library | Date acquired | Source of acquisition | Cost, normal purchase price | Full call number | Barcode | Copy number | Cost, replacement price | Koha item type |
|---|---|---|---|---|---|---|---|---|---|---|---|---|---|
| Non-fiction | Narela | Narela | 14/12/2017 | DBAD/PUB | 550.00 | 301 SEE | EN-105423 | 1 | 550.00 | English Books |
